| 000 | 00381nam a2200145Ia 4500 | ||
|---|---|---|---|
| 008 | 210210b1970 xxu||||| |||| 00| 0 eng d | ||
| 082 | _a142.78 WALK | ||
| 100 | _aWALLRAFF (Charles F). | ||
| 245 | _aKarl Jaspers: an introduction to his philosophy. | ||
| 260 |
_aN J _bPrenceton _c1970 |
||
| 300 | _axvii,232 | ||
| 650 | _aExistentialism | ||
| 690 | _aPhilosophy | ||
| 906 | _a040762 | ||
| 999 |
_c90739 _d90739 |
||